00343nam a2200145Ia 4500008004100000020001500041041001200056082001100068100001600079245003800095260003600133300000800169650000700177700001300184221030s9999 xx 000 0 und d a8121921910 aEnglish a105.23 aV. K. Mehta 0aPrinciples of Electrical Machines bS. Chand & Co.aNew Delhic2007 a509 aEE aR. Mehta